Henry Cavill Movies - Statistics

General Stats
  • This quiz has been taken 69 times
    35 since last reset
  • The average score is 5 of 27
Answer Stats
Hint Answer % Correct
2013 Man of Steel
93%
2017 Justice League
71%
2020 Enola Holmes
46%
2015 The Man From U.N.C.L.E.
46%
2022 Enola Holmes 2
43%
2002 The Count of Monte Cristo
32%
2016 Batman V. Superman: Dawn of Justice
29%
2022 Black Adam
29%
2024 Argylle
25%
2011 Immortals
21%
2018 Mission Impossible: Fallout
21%
2007 Stardust
18%
2021 Zack Snyder's Justice League
14%
2018 Night Hunter
11%
2006 Red Riding Hood
11%
2012 The Cold Light of Day
11%
2023 The Flash
7%
2001 Vendetta
7%
TBD Highlander
4%
2017 Sand Castle
4%
2009 Blood Creek
0%
2002 Goodbye, Mr. Chips
0%
2003 I Capture the Castle
0%
TBD The Rosie Project
0%
2024 The Ungentlemanly Ministry of Warfare
0%
2006 Tristan + Isolde
0%
2009 Whatever Works
0%
No matching quizzes found
Score Distribution
Percent of People with Each Score
Percentile by Number Answered
Your Score History
You have not taken this quiz since the last reset